| 000 | 00488 a2200181 4500 | ||
|---|---|---|---|
| 001 | 065907 | ||
| 003 | OSt | ||
| 005 | 20251209115606.0 | ||
| 008 | |||
| 082 |
_a368.32 _bM58N |
||
| 100 | 1 | _aMikosch, Thomas | |
| 245 | 1 |
_aNon life insurance mathematics _cBy Thomas Mikosch |
|
| 260 |
_aNew York _bSpringer _c2009 |
||
| 300 | _a235p. | ||
| 500 | _aEnglish | ||
| 690 | _aInsurance Mathematics; Stochastic processes; Mathematics; Finance | ||
| 942 |
_2ddc _cBK |
||
| 999 |
_c161 _d161 |
||